Mathematical methods in chemical engineering (Record no. 25039)

000 -LEADER
fixed length control field 00548nam a22002051 4500
001 - CONTROL NUMBER
control field 25039
003 - CONTROL NUMBER IDENTIFIER
control field BD-DhUET
008 - FIXED-LENGTH DATA ELEMENTS--GENERAL INFORMATION
fixed length control field 730313s1963 xx 000 0 eng
040 ## - CATALOGING SOURCE
Original cataloging agency DLC
Transcribing agency OClU
Modifying agency BD-DhUET
082 ## - DEWEY DECIMAL CLASSIFICATION NUMBER
Classification number 660.28
Item number JEN/1963
100 ## - MAIN ENTRY--PERSONAL NAME
Personal name Jenson, V. G.
245 10 - TITLE STATEMENT
Title Mathematical methods in chemical engineering
250 ## - EDITION STATEMENT
Edition statement 1st ed.
260 ## - PUBLICATION, DISTRIBUTION, ETC. (IMPRINT)
Place of publication, distribution, etc. London
Name of publisher, distributor, etc. Academic Press
Date of publication, distribution, etc. 1963
300 ## - PHYSICAL DESCRIPTION
Extent xi, 556 p.
Other physical details illus.
Dimensions 24cm.
504 ## - BIBLIOGRAPHY, ETC. NOTE
Bibliography, etc Includes bibliographies
650 #0 - SUBJECT ADDED ENTRY--TOPICAL TERM
Topical term or geographic name as entry element Chemical engineering
700 ## - ADDED ENTRY--PERSONAL NAME
Personal name Jeffreys, G. V.
942 ## - ADDED ENTRY ELEMENTS (KOHA)
Koha item type General Book
Holdings
Copy number Koha full call number Damaged status Koha date last seen Price effective from Koha item type Piece designation (barcode) Shelving location Not for loan Date acquired Koha normalized classification for sorting Lost status Sublocation or collection (holding branch) Withdrawn status Location (home branch) Source of classification or shelving scheme
1660.28/JEN/1963 2015-05-122015-05-12General Book22438Circulation section 2015-05-12660_280000000000000_JEN_1963 Central Library, BUET Central Library, BUET 
2660.28/JEN/1963 2015-05-122015-05-12General Book22440Circulation section 2015-05-12660_280000000000000_JEN_1963 Central Library, BUET Central Library, BUET 
3660.28/JEN/1963 2015-05-122015-05-12General Book22434Circulation section 2015-05-12660_280000000000000_JEN_1963 Central Library, BUET Central Library, BUET 
4660.28/JEN/1963 2015-05-182015-05-18General Book22432Circulation section 2015-05-18660_280000000000000_JEN_1963 Central Library, BUET Central Library, BUET 
5660.28/JEN/1963 2015-05-182015-05-18General Book22435Circulation section 2015-05-18660_280000000000000_JEN_1963 Central Library, BUET Central Library, BUET 
6660.28/JEN/1963 2015-05-182015-05-18General Book29450Circulation section 2015-05-18660_280000000000000_JEN_1963 Central Library, BUET Central Library, BUET 
7660.28/JEN/1963 2015-05-182015-05-18General Book29449Circulation section 2015-05-18660_280000000000000_JEN_1963 Central Library, BUET Central Library, BUET 
8660.28/JEN/1963 2015-05-182015-05-18General Book29448Circulation section 2015-05-18660_280000000000000_JEN_1963 Central Library, BUET Central Library, BUET 
9660.28/JEN/1963 2015-05-182015-05-18General Book29457Circulation section 2015-05-18660_280000000000000_JEN_1963 Central Library, BUET Central Library, BUET 
10660.28/JEN/1963 2015-05-182015-05-18General Book29454Circulation section 2015-05-18660_280000000000000_JEN_1963 Central Library, BUET Central Library, BUET 
11660.28/JEN/1963 2015-05-182015-05-18General Book29453Circulation section 2015-05-18660_280000000000000_JEN_1963 Central Library, BUET Central Library, BUET 
12660.28/JEN/1963 2015-05-182015-05-18General Book29451Circulation section 2015-05-18660_280000000000000_JEN_1963 Central Library, BUET Central Library, BUET 
13660.28/JEN/1963 2015-05-182015-05-18General Book22431Circulation section 2015-05-18660_280000000000000_JEN_1963 Central Library, BUET Central Library, BUET 
14660.28/JEN/1963 2015-05-182015-05-18General Book29452Circulation section 2015-05-18660_280000000000000_JEN_1963 Central Library, BUET Central Library, BUET 
15660.28/JEN/1963 2015-05-182015-05-18General Book22436Circulation section 2015-05-18660_280000000000000_JEN_1963 Central Library, BUET Central Library, BUET 
16660.28/JEN/1963 2015-06-172015-06-17Reading Item29456Reading section 2015-06-17660_280000000000000_JEN_1963 Central Library, BUET Central Library, BUET 
17660.28/JEN/1963 2015-06-182015-06-18Reading Item29455.Reading section 2015-06-18660_280000000000000_JEN_1963 Central Library, BUET Central Library, BUET 
18660.28/JEN/1963 2015-07-102015-07-10Reading Item22439Reading section 2015-07-10660_280000000000000_JEN_1963 Central Library, BUET Central Library, BUET